| 000 | 01153 a2200205 4500 | ||
|---|---|---|---|
| 001 | 55413 | ||
| 005 | 20260407155828.0 | ||
| 008 | 260407a1969 arg spa d | ||
| 003 | AR-UNSa-BCEJYS | ||
| 040 |
_aAR-UNSa-BCEJYS _bspa _cAR-UNSa-BCEJYS |
||
| 080 |
_a347 _xDerecho Civil |
||
| 245 | 1 | 0 |
_aManual de derecho civil _pparte general |
| 264 | 1 |
_aBuenos Aires : _bPerrot _c1969 |
|
| 300 |
_a596 p. _c22 cm. |
||
| 505 | _a1. El derecho – 2. Fuentes del derecho civil – 3. El Código Civil Argentino – 4. Efectos de la ley con relación al tiempo – 5. Interpretación y aplicación de la ley – 6. Principio y fin de la existencia de las personas naturales – 7. Atributos de la personalidad – 8. Los incapaces – 9. Personas jurídicas – 10. El patrimonio – 11. Teoría general de los hechos y actos jurídicos – 12. Forma de los actos jurídicos – 13. Modalidades de los actos jurídicos – 14. Vicios de los actos jurídicos – 15. Nulidad de los actos jurídicos – 16. Extinción de las relaciones jurídicas | ||
| 041 | _aspa | ||
| 942 | _cBK | ||
| 590 | _aniveau_biblio:m niveau_hierar:0 | ||
| 100 | 1 | _aBorda, Guillermo A. | |
| 999 |
_c5946 _d5946 |
||